000 00318nam a22001337a 4500
008 180125b xxu||||| |||| 00| 0 eng d
020 _a9781285135007
041 _aeng
080 _26th
_a32
100 _a19
101 _aPOL
245 _aPOL 212 Introduction to comparative politics
_cKesselman
942 _2udc
_cBK
999 _c40932
_d40932